Compilación de las disposiciones orgánicas de la Administración de Justicia en las provincias y posesiones Ultramarinas (Record no. 153218)

MARC details
000 -LEADER
campo de control de longitud fija 00929nam a22002055i 4500
001 - NÚMERO DE CONTROL
campo de control 153218
003 - IDENTIFICADOR DE NÚMERO DE CONTROL
campo de control ES-MaACL
005 - FECHA Y HORA DE LA ÚLTIMA TRANSACCIÓN
campo de control 20230906205058.0
008 - DATOS DE LONGITUD FIJA--INFORMACIÓN GENERAL
campo de control de longitud fija 950223s1891 sp |||| | spa d
040 ## - FUENTE DE CATALOGACIÓN
Centro catalogador/agencia de origen CARM
Lengua de catalogación spa
Centro/agencia transcriptor CCPB | SIC
245 00 - MENCIÓN DEL TÍTULO
Título Compilación de las disposiciones orgánicas de la Administración de Justicia en las provincias y posesiones Ultramarinas
Resto del título : aprobada por Real decreto de 5 de enero de 1891 /
Mención de responsabilidad, etc. por Emilio Bravo Moltó.
260 ## - PUBLICACIÓN, DISTRIBUCIÓN, ETC.
Lugar de publicación, distribución, etc. Madrid :
Nombre del editor, distribuidor, etc. [s.n.],
Fecha de publicación, distribución, etc. 1891 (
Fabricante Establecimiento Tipográfico de Pedro Nuñez)
300 ## - DESCRIPCIÓN FÍSICA
Extensión 272 p. ;
Dimensiones 18 cm.
490 1# - MENCIÓN DE SERIE
Mención de serie Biblioteca judicial
500 ## - NOTA GENERAL
Nota general En antep. consta: "Organización judicial vigente, tomo tercero"
700 0# - ENTRADA AGREGADA--NOMBRE PERSONAL
Nombre de persona Bravo Moltó, Emilio.
9 (RLIN) 31493
830 0# - PUNTO DE ACCESO ADICIONAL DE SERIE-TÍTULO UNIFORME
Título uniforme Biblioteca judicial
9 (RLIN) 181856
852 ## - LOCALIZACIÓN
Ubicación ES-MaACL
Número de control de estantería B-6689
Nota libre -- Enc. pasta española
Encuadernación -- Edic.: Tít. en antep.: Organización judicial vigente, tomo tercero
Holdings
Estatus retirado Estado de pérdida Estado de daño No para préstamo Colección Biblioteca de origen Biblioteca actual Ubicación en estantería Fecha de adquisición Fuente de adquisición Total de préstamos Signatura topográfica completa Código de barras Visto por última vez Precio de reemplazo Tipo de ítem Koha
        Libros del s. XIX Biblioteca del Ateneo de Madrid Biblioteca del Ateneo de Madrid Sala Pardo Bazán 17/01/2008     B-6689 1160104 23/02/2023 23/02/2023 Libro impreso antiguo